| 000 | 01185cam a2200361Mi 4500 | ||
|---|---|---|---|
| 001 | 50966 | ||
| 005 | 20230410143341.0 | ||
| 008 | 070719s2007 ag 000 0 spa d | ||
| 035 | _a(OCoLC)ocn159600389 | ||
| 040 |
_aPL# _bspa _cPL# _dDRFGD |
||
| 020 | _a8493543276 | ||
| 020 | _a9788493543273 | ||
| 029 | 0 |
_aPL# _b070011415 |
|
| 035 | _a(OCoLC)159600389 | ||
| 049 | _aGRAL | ||
| 050 | 1 | 4 | _aS474i 2007 |
| 100 | 1 |
_aSen, Amartya, _d1933- |
|
| 245 | 1 | 0 |
_aIdentidad y violencia : _bla ilusión del destino / _cAmartya Seb ; traducido por Verónica Inés Weinstabl y Servanda María de Hagen. |
| 250 | _a1. ed. | ||
| 260 |
_aBuenos Aires : _bKatz, _c2007. |
||
| 300 |
_a266 p. ; _c21 cm. |
||
| 440 | 0 |
_aKatz discusiones ; _v2014 |
|
| 500 | _aTítulo original: Identity and violence : the illusion of destiny. -- ISBN (Argentina): 978-987-1283-41-5. -- Indices. | ||
| 653 | _aIdentidad. | ||
| 653 | _aIdentidad colectiva. | ||
| 653 | _aViolencia. | ||
| 700 | 1 |
_aWeinstabl, Verónica Inés, _etr. |
|
| 700 | 1 |
_aHagen, Servanda María de, _etr. |
|
| 938 |
_aPuvill Libros _bPUVL _n9788493543273 _c$26.40 |
||
| 942 |
_2lcc _cbk |
||
| 946 | _almminaya | ||
| 994 |
_aC0 _bDRFGD |
||
| 999 |
_c100077 _d100077 |
||